01687nam a2200253Ia 450000500170000000800410001704000180005804100080007624500280008426000440011230000230015650004570017950801990063651102500083554600500108565000200113565000480115565000170120365000400122070000460126071000170130676500210132385600890134420140410171917.0130821s1964 xx a gs spa  aCo-BoUCMbspa00aspa13aEl desierto rojoc[DVD] a[Lugar desconocido]bSuevia Filmsc1964 a1 DVDbson., color aSINOPSIS : Giuliana, la mujer del propietario de la fábrica de Rávena, después de sufrir un grave accidente de coche, comienza a percibir la ciudad en que vive como un desierto tanto en el plano físico como en el de las relaciones entre personas. Las secuelas psicológicas le impiden llevar una vida normal y relacionarse con la gente que le rodea. Zeller, un ingeniero que trabaja para su marido, se aprovechará de su débil situación. aCREDITOS : Director, Michelangelo Antonioni; Productor, Antonio Cervi; Guión, Michelangelo Antonioni, Tonino Guerra; Fotografía, Carlo Di Palma; Música, Giovanni Fusco, Vittorio Gelmetti. aAldo Grotti, Beppe Conti, Bruno Borghi, Carlo Chionetti, Emanuela Paola Carboni, Giovanni Lolli, Giuliano Missirini, Hiram Mino Madonia, Julio Cotignoli, Lili Rheims, Monica Vitti, Richard Harris, Rita Renoir, Valerio Bartoleschi, Xenia Valderi. aAudio en Italiano. Subtítulos en Español.04aEntretenimiento04aPelículas cinematográficaszItaliavDVD04aPsicología04aTrastornos mentales en el cinevDVD aAntonioni, Michelangelod1912-2007-edir. aSuevia Films 3aIl deserto rosso04uhttp://www.youtube.com/watch?v=1P-Yz0LWObYzSiga este vínculo para ver el trailer.